000 00315nam a2200133Ia 4500
005 20251222155118.0
008 251222s9999||||xx |||||||||||||| ||spa||
082 _aEDUM.05
100 _aUniv. San Marcos.
245 0 _aGestión y administración educativa
250 _a1ra. ed.
264 _bUNMSM
942 _cLIB
999 _c38331
_d38331